Statistics for Bazówki - KLP

Click here to take the quiz!

General Stats

  • This quiz has been taken 136 times
  • The average score is 50 of 59

Answer Stats

Punkty bazowe% Correct
aorta ascendens
98%
aorta descendens
98%
arteria pulmonalis
98%
arcus aortae
95%
musculus latissimus dorsi
93%
pleura parietalis
93%
trachea
93%
vena pulmonalis inferior
93%
vena pulmonalis superior
93%
atrium dex. cordis
90%
atrium sin. cordis
90%
lobus inferior pulmonis
90%
musculus intercostalis externus
90%
musculus intercostalis internus
90%
musculus trapezius
90%
truncus pulmonalis
90%
apex cordis
88%
arteria coronaria
88%
bronchus principalis
88%
lobus superior pulmonis
88%
nervus phrenicus
88%
nervus ulnaris
88%
nervus vagus
88%
valva bicuspidalis
88%
valva tricuspidalis
88%
valva trunci pulmonalis
88%
esophagus
85%
musculus erector spinae
85%
musculus pectoralis major
85%
nervus musculocutaneus
85%
nervus radialis
85%
truncus brachiocephalicus
85%
valva aortae
85%
arteria subclavia
83%
auricula atrii dex.
83%
auricula atrii sin.
83%
lobus medius pulmonis dex.
83%
musculus serratus anterior
83%
nervus axillaris
83%
nervus intercostalis
83%
nervus medianus
83%
vena cava superior
83%
vena subclavia
83%
ventriculus dex. cordis
83%
ventriculus sin. cordis
83%
apex pulmonis
80%
diaphragma
80%
septum interventriculare
80%
sinus coronarius
80%
vena cava inferior
80%
arteria carotis communis
78%
ductus thoracicus
78%
arteria axillaris
75%
truncus sympathicus
75%
vena brachiocephalica
75%
arteria thoracica interna
73%
vena azygos
73%
fossa ovalis
68%
arteria vertebralis
58%

Score Distribution

Percentile by Number Answered

Percent of People with Each Score

Your Score History

You have not taken this quiz